Регионална библиотека "Любен Каравелов" - Русе

Антология Сборник за народни умотворения (Запис номер 399715)

MARC детайли
000 -Лидер
Контролно поле с фиксирана дължина nam a22 a 4500
003 - Код на организацията, давaща контролен номер
Контролно поле BLK
005 - Дата и час на последна редакция
Контролно поле 20210302153204.0
008 - Елементи от данни с фиксирана дължина
fixed length control field 210302b bu |||||r|||| 00| | bu d
020 ## - Международен стандартен номер на книга ISBN
Международен стандартен номер на книга ISBN 978-619-233-138-2
040 ## - Източник на каталожния запис
Идентификатор на билиотеката - собственик на записа BLK
041 ## - Код за език
Код за езика на текст/звукозапис или на отделно заглавие Български
Код за езика КДБФ Български
080 ## - УДК
Текстов определител УДК Етнология. Етнография. Нрави. Обичаи. Бит. Фолклористика. Вж и 572 ; 903 ; 904
УДК код - определител по УДК 39
УДК определител (497.2)(062)
УДК - код + определител 39(497.2)(062)
080 ## - УДК
Текстов определител УДК История на България
УДК код - определител по УДК 94(497.2)
УДК определител (062)
УДК - код + определител 94(497.2)(062)
139 ## - Редно поле
Редна дума Антология Сборник за народни умотворения
245 ## - Сведения за заглавието
Заглавие Антология Сборник за народни умотворения
Подзаглавни данни научен и книжовен дял : Т. 1-2.
Редно поле (дума) състав. Борис Христов ; ред. Бойка Бъчварова ... [и др.] ; [послесл.] Бойка Бъчварова
Том Т. 1.
257 ## - Страна на издаване
Страна на създаване/издаване България
260 ## - Област на издателските данни
9 (RLIN) 209549
Място на издаване, разпространение и проч. София
Име на издателя, разпространителя и проч. Нов бълг. унив.
Година на издаване 2020
Информация за издателството НБУ
Печатница ([София] : Симолини-94)
Издателство - префикс ISBN 978-954-535- ; 954-9926-
300 ## - Физическа характеристика
Страници 29 см
380 ## - Жанр
Жанр Общ отдел
500 ## - Общи забележки
Забележка Загл. в изд. каре: Антология "Сборник за народни умотворения (научен и книжовен дял)"<br/>Други ред.: Георги Цонев, Огняна Георгиева-Тенева, Михаела Йорданова, Борислав Георгиев<br/>Възприетата форма на името на ред. Огняна Георгиева-Тенева е Огняна Атанасова Георгиева<br/>За появата на антологията / Веселин Методиев: с. 7-8<br/>"Сборник за народни умотворения" - енциклопедия на българската духовност / Пламен Бочков: с. 9-10
650 #0 - Допълнително описание по предмет – тема
9 (RLIN) 247281
Основно описание – тема или топоним България - етнография
700 ## - Други автори (авторска отговорност)
9 (RLIN) 1478
Лично име Христов, Борис
Автороска отговорност (Описва отношението между автора и произведението) състав.
700 ## - Други автори (авторска отговорност)
9 (RLIN) 1311
Лично име Бъчварова, Бойка
Автороска отговорност (Описва отношението между автора и произведението) ред.
700 ## - Други автори (авторска отговорност)
9 (RLIN) 958
Лично име Бъчварова, Бойка
Автороска отговорност (Описва отношението между автора и произведението) послесл.
760 ## - Описание на основната серия
Място на издаване, издател и година София, 2020
Страници - том 619 с. ; 29 см, във футляр
Част - том Т. 1.
852 ## - Местоположение
Форматна сигнатура Цб ІІ 29720
Фондова буква Хранилище
999 ## - СИСТЕМНИ КОНТРОЛНИ НОМЕРА
Koha biblionumber 399715
Koha biblioitemnumber 399715
942 ## - АРТИКУЛИ
Вид на библиотечния материал Книги
Скрит в OPAC Не
Периодичен библиозапис Да
944 ## - СЪЗДАВАНЕ И РЕДАКЦИЯ на ЗАПИСА
Създаване/Редакция Създаване
Дата на регистрацията/редакция 2021-03-02
Служител, извършил регистрацията/редакцията ВК
999 ## - СИСТЕМНИ КОНТРОЛНИ НОМЕРА
Koha biblioitemnumber 399715
Наличности
Код за отписване Код за изгубен артикул Източник на класификационната схема Код за повреда Коз за рестрикции Код за отдаване Артикулен № Име на библиотеката - собственик Име на библиотеката, в която се намира в момента Статус (Текущо местоположение) Дата на вписване в системата Местоположение - отдел Цена в лева Систематично азбучна сигнатура Баркод Цена в евро Служебен тип на артикула
  Не е изгубен Universal Decimal Classification Не е повреден само за читалня ползва се в читалня 814374 Регионална библиотека "Любен Каравелов" Русе Регионална библиотека "Любен Каравелов" Русе Хранилище 2021-03-04 Хранилище 30.00 Цб ІІ 29720 120000851723 15.34 Книги
Vip Innovations Ltd, Rousse, Bulgaria 2025